Les Deux-Sèvres en images - Statistiques

Statistiques générales
  • Ce quiz a été pris 64 fois
  • Le résultat moyen est 8 sur 18
Statistiques - réponses
Par images Hint Réponse % Correct
Préfecture Niort
100%
Sous-Préfecture Bressuire
85%
Région Historique Poitou
78%
Acteur, Chanteur Philippe Katerine
74%
Parc Naturel Régional Parc Naturel Régional du Marais Poitevin
72%
Cours d'eau Sèvre Niortaise
72%
Bataille Bataille de Thouars
50%
Spécialité Culinaire Chabichou
50%
Musée Musée du Donjon
43%
Château Château d'Oiron
33%
Ville Melle
28%
Forêt Forêt de Chizé
26%
Groupe Automobile Heuliez Bus
20%
Ville Saint-Maixent-l'École
17%
Spécialité Culinaire Scofa
15%
Acteur Jean Richard
11%
Point Culminant Terrier du Fouilloux
9%
Acteur Jean-Hugues Anglade
7%
Aucun quiz correspondant
Distribution des résultats
% des personnes avec chaque résultat
Percentile par nombre de réponses
Votre historique - résultats
Vous n’avez pas pris ce quiz